Spoken english: a manual of speech and phonetics (Record no. 660)

MARC details
000 -LEADER
Fixed length control field 00497nam a2200181 4500
003 - CONTROL NUMBER IDENTIFIER
Control field SEACOMEC
005 - DATE AND TIME OF LATEST TRANSACTION
Control field 20240219152022.0
008 - FIXED-LENGTH DATA ELEMENTS--GENERAL INFORMATION
Fixed length control field 240219b |||||||| |||| 00| 0 eng d
020 ## - INTERNATIONAL STANDARD BOOK NUMBER / ISBN
Price Rs.122.00
040 ## - CATALOGING SOURCE
Original cataloging agency SEACOMEC
082 ## - DEWEY DECIMAL CLASSIFICATION NUMBER
Classification number 428.2
Book Number B219
100 ## - MAIN ENTRY--PERSONAL NAME
Personal name Bansal,R.K.
245 1# - TITLE STATEMENT
Title Spoken english: a manual of speech and phonetics
Statement of responsibility R.K. Bansal,J.B.Harrison
260 ## - IMPRINT
Place of publication Mumbai
Name of publisher Orient Longman
Date of publication 1994
650 ## - SUBJECT ADDED ENTRY--TOPICAL TERM
Topical term Language,Standard English usage
700 ## - ADDED ENTRY--PERSONAL NAME
Personal name Harrison,J.B.
942 ## - ADDED ENTRY ELEMENTS (KOHA)
Koha item type Books
Holdings
Withdrawn status Lost status Source of classification Damaged status Not for loan Home library Current library Date acquired Total Checkouts Call number Accession number Date last seen Copy number Price effective from Koha item type
    Dewey Decimal Classification     SEACOM ENGINEERING COLLEGE SEACOM ENGINEERING COLLEGE 08/06/2006   428.2 B219 02647 19/02/2024 5 19/02/2024 Books
    Dewey Decimal Classification     SEACOM ENGINEERING COLLEGE SEACOM ENGINEERING COLLEGE 08/06/2006   428.2 B219 02648 19/02/2024 6 19/02/2024 Books
    Dewey Decimal Classification     SEACOM ENGINEERING COLLEGE SEACOM ENGINEERING COLLEGE 08/06/2006   428.2 B219 02649 19/02/2024 7 19/02/2024 Books
    Dewey Decimal Classification     SEACOM ENGINEERING COLLEGE SEACOM ENGINEERING COLLEGE 08/06/2006   428.2 B219 02650 19/02/2024 8 19/02/2024 Books
    Dewey Decimal Classification     SEACOM ENGINEERING COLLEGE SEACOM ENGINEERING COLLEGE 08/06/2006   428.2 B219 02651 19/02/2024 9 19/02/2024 Books
© Seacom Engineering College, All rights reserved.      Powered by Koha